[Event "Kesan op 19th"]
[Site "Kesan"]
[Date "2024.08.13"]
[Round "2"]
[White "Ozsakallioglu, Okan"]
[Black "Akdas, Emre"]
[Result "1-0"]
[WhiteElo "2374"]
[BlackElo "1875"]
[PlyCount "43"]
[EventDate "2024.08.12"]
[EventType "swiss"]
[EventRounds "9"]
[EventCountry "TUR"]
[SourceTitle "CBM 221 Extra"]
[Source "ChessBase"]
[SourceDate "2024.09.30"]
[SourceVersion "1"]
[SourceVersionDate "2024.09.30"]
[SourceQuality "1"]

1. e4 e5 2. Nf3 Nc6 3. d4 exd4 4. Bc4 Nf6 5. e5 d5 6. Bb5 Ne4 7. Nxd4 Bd7 8. Bxc6 bxc6 9. 0-0 c5 10. Nb3 c6 11. c4 d4 12. f3 Ng5 13. f4 Ne6 14. f5 Nc7 15. e6 Bc8 16. Qh5 Qe7 17. Bg5 g6 18. Qh4 Qd6 19. Bf4 Qd8 20. exf7+ Kd7 21. Qxd8+ Kxd8 22. Be5 1-0

[Event "TUR-chT2"]
[Site "Konya"]
[Date "2017.07.11"]
[Round "4.15"]
[White "Demir, Umut Siar"]
[Black "Akdas, Emre"]
[Result "1-0"]
[WhiteElo "1358"]
[BlackElo "1632"]
[PlyCount "59"]
[EventDate "2017.07.09"]
[EventType "team-swiss"]
[EventRounds "9"]
[EventCountry "TUR"]
[SourceTitle "CBM 179 Extra"]
[Source "ChessBase"]
[SourceDate "2017.08.23"]
[SourceVersion "1"]
[SourceVersionDate "2017.08.23"]
[SourceQuality "1"]
[WhiteTeam "Derince Turgut"]
[BlackTeam "Corum Merkez Yatili"]
[WhiteTeamCountry "TUR"]
[BlackTeamCountry "TUR"]

1. e4 e5 2. Nf3 d6 3. Bc4 h6 4. h3 Nf6 5. d3 Bd7 6. 0-0 Be7 7. Be3 a6 8. Nbd2 Nc6 9. c3 0-0 10. d4 exd4 11. cxd4 Na5 12. Bd3 c5 13. Rc1 Rc8 14. d5 Qb6 15. b3 Bb5 16. Nc4 Bxc4 17. bxc4 Qc7 18. Bb1 Qb6 19. Qd3 Nd7 20. e5 g6 21. Bxh6 Rfe8 22. Qc3 dxe5 23. Nxe5 Nxe5 24. Qxe5 Bf8 25. Qf4 Bd6 26. Qg4 Kh7 27. Qh4 Kg8 28. Bg5 Bc7 29. Bf6 Qd6 30. Qh8# 1-0